| 000 | 00642nam a2200217 a 4500 | ||
|---|---|---|---|
| 005 | 20240224063729.0 | ||
| 008 | 130918s2011 es r 000 0 spa d | ||
| 020 | _a9788478845057 | ||
| 035 | _aUPN01000192989 | ||
| 049 | _aCG | ||
| 050 | 4 |
_aPQ6676 A6.2 _bA4.2 |
|
| 100 | 1 |
_aZapata Lerga, Pablo, _d1946- _934578 |
|
| 245 | 1 | 1 |
_a¡Qué asco más rico! : _bleyendas inquietantes / _cPablo Zapata Lerga. |
| 260 |
_aMadrid : _bPopular, _c2011. |
||
| 300 | _a111 p. | ||
| 440 | 0 |
_aLetra grande. _pMinor ; _v75 |
|
| 650 | 4 |
_aLeyendas españolas _916678 |
|
| 650 | 0 |
_aLiteratura juvenil española _912359 |
|
| 905 | _aLibro | ||
| 999 |
_c165090 _d165090 |
||